All Minecraft bioms by pictures - Statistics

General Stats
  • This quiz has been taken 5 times
  • The average score is 29 of 64
Answer Stats
Picture Hint Answer % Correct
Overworld Birch Forest
100%
Overworld Cherry Grove
100%
Overworld Desert
100%
Overworld Forest
100%
Overworld Jungle
100%
Overworld Mushroom Fiels
100%
Nether Nether Wastes
100%
Overworld River
100%
Overworld Savanna
100%
Nether Soul sand valley
100%
Overworld Beach
80%
Nether Crimson forest
80%
Overworld undergrounds Deep dark
80%
Overworld Ice Spikes
80%
Overworld undergrounds Lush cave
80%
Overworld Plains
80%
Overworld Taiga
80%
End The end
80%
Nether Warped forest
80%
Overworld Dark Forest
60%
Overworld undergrounds Dripstone cave
60%
Overworld Frozen Ocean
60%
Overworld Frozen River
60%
Overworld Mangrove Swamp
60%
Overworld Stony Peaks
60%
Overworld Swamp
60%
Overworld Warm Ocean
60%
Overworld Badlands
40%
Overworld Bamboo Jungle
40%
Nether Basalt deltas
40%
Overworld Cold Ocean
40%
Overworld Deep Cold Ocean
40%
Overworld Deep Ocean
40%
Overworld Flower Forest
40%
Overworld Ocean
40%
Overworld Old Growth Pine Taiga
40%
Overworld Old Growth Spruce Taiga
40%
Overworld Snowy Plains
40%
Overworld Deep Frozen Ocean
20%
Overworld Eroded Badlands
20%
Overworld Frozen Peaks
20%
Overworld Old Growth Birch Forest
20%
Overworld Pale Garden
20%
Overworld Savanna Plateau
20%
Overworld Snowy Beach
20%
Overworld Snowy Slopes
20%
Overworld Snowy Taiga
20%
Overworld Sparse Jungle
20%
Overworld Stony Shore
20%
Overworld Sunflower Plains
20%
Overworld Windswept Hills
20%
Overworld Windswept Savanna
20%
Overworld Wooded Badlands
20%
Overworld Deep Lukwarm Ocean
0%
End End barrens
0%
End End highlands
0%
End End midlands
0%
End End small islands
0%
Overworld Grove
0%
Overworld Jagged Peaks
0%
Overworld Lukwarm Ocean
0%
Overworld Meadow
0%
Overworld Windswept Forest
0%
Overworld Windswept Gravelly Hills
0%
No matching quizzes found
Score Distribution
Percent of People with Each Score
Percentile by Number Answered
Your Score History
You have not taken this quiz